[Event "Scarborough CC Spring into Summer"]
[Site "Toronto CAN"]
[Date "2019.06.06"]
[Round "2.1"]
[White "Xu, Jeffrey"]
[Black "La Manna, Andrea"]
[Result "1/2-1/2"]
[WhiteElo "2269"]
[BlackElo "2351"]
[PlyCount "160"]
[EventDate "2019.05.30"]
[EventType "swiss"]
[EventRounds "5"]
[EventCountry "CAN"]

1. e4 e5 2. Nf3 Nc6 3. c3 g6 4. d4 d6 5. Bc4 Bg7 6. dxe5 dxe5 7. Qc2 Nf6 8. O-O
O-O 9. h3 Qe7 10. b3 Nd8 11. Ba3 c5 12. b4 b6 13. bxc5 bxc5 14. Nbd2 Qc7 15.
Nb3 Re8 16. Rad1 Ne6 17. Rfe1 Bf8 18. Bc1 Bb7 19. Ng5 Nxg5 20. Bxg5 Be7 21.
Bxf6 Bxf6 22. Bd5 c4 23. Nd2 Rac8 24. Qa4 Red8 25. Nf1 Bxd5 26. Rxd5 Rxd5 27.
exd5 Qc5 28. Rd1 Be7 29. Ne3 Bg5 30. Nf1 Rd8 31. d6 Rxd6 32. Rxd6 Qxd6 33. Qxc4
Kg7 34. Qb5 Bd8 35. Ne3 a6 36. Qb7 Bg5 37. Nf1 Bd8 38. c4 Bb6 39. Ne3 Bxe3 40.
fxe3 Qd3 41. Qxa6 Qxe3+ 42. Kh1 Qc1+ 43. Kh2 Qf4+ 44. Kg1 Qd4+ 45. Kf1 e4 46.
Qa4 Qc3 47. Qb3 Qd2 48. Qg3 Qd1+ 49. Kf2 Qd2+ 50. Kf1 Qc1+ 51. Kf2 Qc2+ 52. Kg1
Qxc4 53. Qe5+ Kg8 54. Qe8+ Kg7 55. Qe5+ Kf8 56. Qh8+ Ke7 57. Qe5+ Kd7 58. a4
Qc1+ 59. Kf2 Qd2+ 60. Kg1 e3 61. Qb5+ Kd6 62. Qb8+ Ke6 63. Qe8+ Kf6 64. Qh8+
Kf5 65. Qc8+ Ke4 66. Qe8+ Kd4 67. Qxf7 e2 68. Qd7+ Kc3 69. Qc6+ Kb2 70. Qb5+
Ka1 71. Qe5+ Kb1 72. Qe4+ Kc1 73. Qc4+ Kd1 74. Qb3+ Qc2 75. Qd5+ Qd2 76. Qb3+
Qc2 77. Qd5+ Kc1 78. Kf2 Qxa4 79. Kxe2 Qc2+ 80. Ke3 Qc3+ 1/2-1/2

[Event "Scarborough CC Spring into Summer"]
[Site "Toronto CAN"]
[Date "2019.06.06"]
[Round "2.2"]
[White "Mao, Fengxi"]
[Black "Ning, Eric"]
[Result "1-0"]
[WhiteElo "2115"]
[BlackElo "2098"]
[PlyCount "103"]
[EventDate "2019.05.30"]
[EventType "swiss"]
[EventRounds "5"]
[EventCountry "CAN"]

1. e4 c5 2. Nf3 Nc6 3. Nc3 g6 4. d4 cxd4 5. Nxd4 Bg7 6. Be3 Nf6 7. Nb3 O-O 8.
Be2 d6 9. O-O a5 10. a4 Be6 11. f3 Bxb3 12. cxb3 Nb4 13. Qd2 Rc8 14. Rfd1 Nd7
15. Rac1 Nc5 16. Bc4 Kh8 17. Nd5 Nxd5 18. Bxd5 b6 19. Bd4 Rc7 20. Bxg7+ Kxg7
21. b4 Nd7 22. bxa5 bxa5 23. Bc4 Rc5 24. Bb5 Qb6 25. Qd4+ e5 26. Qf2 Rxc1 27.
Rxc1 Qxf2+ 28. Kxf2 Nc5 29. Ke3 f5 30. Rd1 Rf6 31. exf5 gxf5 32. f4 Re6 33.
fxe5 dxe5 34. Rd5 Ne4 35. Bd3 Nd6 36. Rxa5 f4+ 37. Kf2 e4 38. Be2 Kf6 39. Rh5
Kg6 40. Rd5 Rf6 41. a5 e3+ 42. Ke1 Nc8 43. b4 Rc6 44. b5 Rc1+ 45. Rd1 Rc5 46.
b6 Na7 47. bxa7 Rxa5 48. Rd6+ Kf5 49. Ra6 f3 50. Rxa5+ Kf4 51. g3+ Kg4 52. a8=Q
1-0

[Event "Scarborough CC Spring into Summer"]
[Site "Toronto CAN"]
[Date "2019.06.06"]
[Round "2.3"]
[White "Lin, Benjamin"]
[Black "Issani, Nameer"]
[Result "0-1"]
[WhiteElo "2053"]
[BlackElo "2248"]
[PlyCount "150"]
[EventDate "2019.05.30"]
[EventType "swiss"]
[EventRounds "5"]
[EventCountry "CAN"]

1. d4 Nf6 2. c4 e6 3. Nc3 Bb4 4. e3 O-O 5. Bd3 d5 6. a3 Bxc3+ 7. bxc3 dxc4 8.
Bxc4 c5 9. Ne2 Nc6 10. Ba2 Qc7 11. O-O Rd8 12. Bb2 b6 13. Qc2 Bb7 14. e4 Ne7
15. e5 Nd7 16. Rac1 Rac8 17. Bb1 Nf8 18. Ng3 Qc6 19. f4 Nf5 20. Nxf5 exf5 21.
Rf2 g6 22. Ba2 c4 23. Re1 Ne6 24. Re3 b5 25. Bb1 a5 26. Rg3 Kh8 27. Qd1 Rg8 28.
h4 Nc7 29. Bc2 Nd5 30. Qe1 Qb6 31. h5 gxh5 32. Rxg8+ Rxg8 33. Bxf5 Nxf4 34.
Rxf4 Rxg2+ 35. Kf1 Rxb2 36. e6 Qd6 37. Qe5+ Qxe5 38. dxe5 fxe6 39. Bxe6 b4 40.
Rf8+ Kg7 41. Rf7+ Kg6 42. axb4 axb4 43. cxb4 c3 44. Rxb7 c2 45. Rc7 Rb1+ 46.
Ke2 c1=Q 47. Rxc1 Rxc1 48. Bd7 Rb1 49. b5 Kf7 50. Kf3 Rb4 51. Kg3 Ke7 52. e6
Kd6 53. Kh3 h4 54. Bc8 Rxb5 55. Kxh4 Ke7 56. Bd7 Re5 57. Bc8 Kf6 58. Bd7 Kg6
59. Be8+ Kh6 60. Bd7 Kg6 61. Be8+ Kh6 62. Bd7 Re4+ 63. Kg3 Kg5 64. Kf3 Re5 65.
Kg3 h5 66. Kg2 h4 67. Kh3 Re3+ 68. Kh2 Kh5 69. Bc8 h3 70. e7 Kh4 71. e8=Q Rxe8
72. Bxh3 Re2+ 73. Bg2 Kg4 74. Kg1 Kg3 75. Bf1 Re1 0-1

[Event "Scarborough CC Spring into Summer"]
[Site "Toronto CAN"]
[Date "2019.06.06"]
[Round "2.4"]
[White "Manalo, Pepin"]
[Black "Zhao, Jeffrey R"]
[Result "0-1"]
[WhiteElo "1971"]
[BlackElo "2123"]
[PlyCount "68"]
[EventDate "2019.05.30"]
[EventType "swiss"]
[EventRounds "5"]
[EventCountry "CAN"]

1. e4 c5 2. Nc3 e6 3. f4 d5 4. e5 h5 5. Nf3 Nh6 6. b3 a6 7. Bb2 Nc6 8. g3 Be7
9. Bg2 Nf5 10. Ne2 b5 11. Bh3 d4 12. Bxf5 exf5 13. h4 Qd5 14. Rf1 Bb7 15. d3
O-O 16. Neg1 f6 17. Qe2 Rfe8 18. O-O-O a5 19. Rde1 a4 20. Rf2 Nb4 21. a3 Na2+
22. Kd1 axb3 23. cxb3 Qxb3+ 24. Qc2 Qxc2+ 25. Rxc2 Bd5 26. Rce2 Reb8 27. Nd2 b4
28. axb4 Nxb4 29. Bc1 Nxd3 30. Rf1 Ra1 31. Kc2 Nxc1 32. Rxc1 d3+ 33. Kxd3 Rxc1
34. Ngf3 Bxf3 0-1

[Event "Scarborough CC Spring into Summer"]
[Site "Toronto CAN"]
[Date "2019.06.06"]
[Round "2.5"]
[White "Xie, Austin"]
[Black "Noor Ali, Aahil"]
[Result "0-1"]
[WhiteElo "1995"]
[BlackElo "2078"]
[PlyCount "72"]
[EventDate "2019.05.30"]
[EventType "swiss"]
[EventRounds "5"]
[EventCountry "CAN"]

1. e4 e5 2. Nf3 Nc6 3. Bc4 Bc5 4. c3 Nf6 5. d3 d6 6. Bg5 h6 7. Bh4 g5 8. Bg3
Bb6 9. Nbd2 Bd7 10. b4 Ne7 11. Qb3 Rh7 12. d4 exd4 13. Nxd4 Ng6 14. O-O-O a5
15. b5 h5 16. Rhe1 a4 17. Qc2 Ne5 18. f4 gxf4 19. Bxf4 Nfg4 20. Rf1 Ng6 21. e5
dxe5 22. Rde1 Kf8 23. Bxe5 Qg5 24. N4f3 Qh6 25. Bd4 Bxd4 26. Nxd4 N6e5 27. Be6
Bxe6 28. Nxe6+ Kg8 29. Nxc7 Rd8 30. Rf3 Nxf3 31. gxf3 Ne3 32. Qe4 Nc4 33. Rg1+
Rg7 34. Rxg7+ Kxg7 35. Ne8+ Kf8 36. Qxc4 Qxd2+ 0-1

[Event "Scarborough CC Spring into Summer"]
[Site "Toronto CAN"]
[Date "2019.06.06"]
[Round "2.6"]
[White "Tavana, Joseph"]
[Black "Hay, Jonathan"]
[Result "0-1"]
[WhiteElo "1786"]
[BlackElo "2039"]
[PlyCount "60"]
[EventDate "2019.05.30"]
[EventType "swiss"]
[EventRounds "5"]
[EventCountry "CAN"]

1. c4 c6 2. g3 d5 3. cxd5 cxd5 4. Nf3 Nc6 5. d4 Nf6 6. Bg2 g6 7. O-O Bg7 8. Nc3
O-O 9. Bf4 Ne4 10. Ne5 Nxc3 11. bxc3 Nxe5 12. Bxe5 Bxe5 13. dxe5 e6 14. e4 Qc7
15. Qd4 dxe4 16. Rfd1 b6 17. Bxe4 Bb7 18. Bxb7 Qxb7 19. f4 Rac8 20. Rac1 Rc5
21. Kf2 Rfc8 22. Qd7 Qa6 23. Rd2 Qa5 24. Qe7 Rd5 25. Rdc2 Rcd8 26. Ke1 Rd3 27.
Qb7 Qc5 28. Qg2 Qe3+ 29. Qe2 Qg1+ 30. Qf1 Rd1+ 0-1

[Event "Scarborough CC Spring into Summer"]
[Site "Toronto CAN"]
[Date "2019.06.06"]
[Round "2.7"]
[White "Palacios, Bobby"]
[Black "Gilani, Mysha"]
[Result "1-0"]
[WhiteElo "2028"]
[BlackElo "1761"]
[PlyCount "79"]
[EventDate "2019.05.30"]
[EventType "swiss"]
[EventRounds "5"]
[EventCountry "CAN"]

1. d4 Nf6 2. c4 e6 3. Nc3 d5 4. Bf4 Bb4 5. e3 O-O 6. a3 Bd6 7. Bg5 dxc4 8. Bxc4
a6 9. Bd3 Nc6 10. Nf3 b6 11. Ne4 Bb7 12. Qc2 g6 13. Nxd6 cxd6 14. Bh4 Rc8 15.
Qe2 e5 16. d5 Nb8 17. e4 Nbd7 18. O-O Nc5 19. Bc2 a5 20. b4 axb4 21. axb4 Ba6
22. b5 Bb7 23. Ra7 Ra8 24. Rxa8 Bxa8 25. Nd2 Ncd7 26. f4 Re8 27. fxe5 Rxe5 28.
Qf2 Kg7 29. Nc4 Re8 30. Nxd6 Rf8 31. Qd4 Bxd5 32. exd5 Qe7 33. Ne4 Rc8 34. Nxf6
Qe5 35. Qxe5 Nxe5 36. Ne4 Ng4 37. d6 Rxc2 38. d7 Ne3 39. d8=Q Nxf1 40. Kxf1 1-0

[Event "Scarborough CC Spring into Summer"]
[Site "Toronto CAN"]
[Date "2019.06.06"]
[Round "2.8"]
[White "Gao, Raymond"]
[Black "Xiao, Edward"]
[Result "0-1"]
[WhiteElo "1994"]
[BlackElo "1724"]
[PlyCount "98"]
[EventDate "2019.05.30"]
[EventType "swiss"]
[EventRounds "5"]
[EventCountry "CAN"]

1. e4 c5 2. Nf3 d6 3. Bb5+ Bd7 4. Bxd7+ Nxd7 5. O-O Ngf6 6. Qe2 e6 7. b3 g6 8.
Bb2 Bg7 9. c4 O-O 10. Nc3 e5 11. Ne1 Nb8 12. f4 Nc6 13. fxe5 dxe5 14. Nd5 Nd4
15. Qd3 Nxd5 16. cxd5 Qb6 17. Kh1 Rac8 18. Nc2 c4 19. Bxd4 cxd3 20. Bxb6 dxc2
21. Bxa7 Bh6 22. Be3 Bxe3 23. dxe3 Rc3 24. Rfe1 Rfc8 25. Rac1 Rd3 26. Kg1 Rd2
27. h3 Rc3 28. Kh2 Rcd3 29. Kg3 Rd1 30. Kf2 R3d2+ 31. Kf1 Rxc1 32. Rxc1 Rd1+
33. Ke2 Rxc1 34. Kd2 Ra1 35. Kxc2 Rxa2+ 36. Kc3 Kf8 37. Kb4 Ke7 38. Kc5 Rc2+
39. Kb5 Rc3 40. b4 Rxe3 41. Kb6 Kd6 42. Kxb7 Rxe4 43. b5 Rb4 44. b6 Kxd5 45.
Ka7 Kc6 46. b7 Rxb7+ 47. Ka8 Kc7 48. h4 Rb1 49. h5 Ra1# 0-1

[Event "Scarborough CC Spring into Summer"]
[Site "Toronto CAN"]
[Date "2019.06.06"]
[Round "2.9"]
[White "Sharpe, Sam"]
[Black "Huang, Youhe"]
[Result "1/2-1/2"]
[WhiteElo "1940"]
[BlackElo "2144"]
[PlyCount "94"]
[EventDate "2019.05.30"]
[EventType "swiss"]
[EventRounds "5"]
[EventCountry "CAN"]

1. Nf3 d5 2. g3 c5 3. Bg2 Nc6 4. d4 Bg4 5. Ne5 Nxe5 6. dxe5 e6 7. c4 Ne7 8.
Qa4+ Qd7 9. Qxd7+ Kxd7 10. Bg5 Nc6 11. cxd5 exd5 12. Bxd5 Nd4 13. f3 Bf5 14.
Na3 Re8 15. Kf2 f6 16. Be3 fxe5 17. b3 b6 18. Bc4 Be7 19. Bxd4 exd4 20. Bb5+
Kc7 21. Bxe8 Rxe8 22. Rad1 a6 23. Rhe1 Bf6 24. e4 Bd7 25. h4 Bc6 26. Nc4 b5 27.
Nd2 d3 28. f4 Bd4+ 29. Kf3 Kb6 30. Re3 Bxe3 31. Kxe3 Rd8 32. Nf3 c4 33. bxc4
bxc4 34. Ne5 Kb5 35. Nxc6 Kxc6 36. Kd2 Kc5 37. Kc3 a5 38. e5 Kd5 39. Re1 Kc5
40. Rd1 Rc8 41. Re1 Kd5 42. e6 Kd6 43. g4 Ke7 44. f5 g6 45. fxg6 hxg6 46. h5
gxh5 47. gxh5 Rh8 1/2-1/2

[Event "Scarborough CC Spring into Summer"]
[Site "Toronto CAN"]
[Date "2019.06.06"]
[Round "2.10"]
[White "Leblanc, Miguel"]
[Black "Mendoza, Armand Jess"]
[Result "0-1"]
[WhiteElo "1809"]
[BlackElo "1952"]
[PlyCount "76"]
[EventDate "2019.05.30"]
[EventType "swiss"]
[EventRounds "5"]
[EventCountry "CAN"]

1. d4 d5 2. Bf4 Nf6 3. e3 c6 4. Nf3 h6 5. Bd3 Nbd7 6. h3 g5 7. Bg3 Bg7 8. c3
Ne4 9. Bxe4 dxe4 10. Nfd2 Nf6 11. Be5 Bf5 12. Qc2 Qd5 13. c4 Qe6 14. Bxf6 Bxf6
15. Nc3 Bg7 16. g4 Bg6 17. Ncxe4 f5 18. Nc5 Qf7 19. Nxb7 fxg4 20. Qa4 O-O 21.
Rh2 Rab8 22. Qxc6 Rfc8 23. Qa6 Rc7 24. Nc5 Rb6 25. Qa3 e5 26. Ncb3 exd4 27.
Nxd4 Bxd4 28. exd4 Qf4 29. Qg3 Re7+ 30. Kd1 Qxd4 31. Qc3 Rbe6 32. Rh1 Qxf2 33.
Nb3 Qe2+ 34. Kc1 Re3 35. Qd2 Qxc4+ 36. Kd1 Rd3 37. Qxd3 Qxd3+ 38. Nd2 Qc2# 0-1

[Event "Scarborough CC Spring into Summer"]
[Site "Toronto CAN"]
[Date "2019.06.13"]
[Round "3.1"]
[White "La Manna, Andrea"]
[Black "Zhao, Jeffrey R"]
[Result "1-0"]
[WhiteElo "2351"]
[BlackElo "2123"]
[PlyCount "51"]
[EventDate "2019.05.30"]
[EventType "swiss"]
[EventRounds "5"]
[EventCountry "CAN"]

1. d4 Nf6 2. c4 g6 3. Nc3 Bg7 4. e4 d6 5. f3 O-O 6. Be3 c5 7. Nge2 Nc6 8. d5
Ne5 9. Ng3 e6 10. Be2 exd5 11. cxd5 a6 12. a4 Bd7 13. h3 b5 14. f4 Nc4 15. Bxc4
bxc4 16. O-O Re8 17. e5 dxe5 18. f5 Qb6 19. Qd2 Rad8 20. a5 Qc7 21. Bg5 Bxf5
22. Nxf5 gxf5 23. Rxf5 Rd6 24. Raf1 Nh5 25. Ne4 Rg6 26. d6 1-0

[Event "Scarborough CC Spring into Summer"]
[Site "Toronto CAN"]
[Date "2019.06.13"]
[Round "3.2"]
[White "Southam, David"]
[Black "Mao, Fengxi"]
[Result "1-0"]
[WhiteElo "2183"]
[BlackElo "2115"]
[PlyCount "94"]
[EventDate "2019.05.30"]
[EventType "swiss"]
[EventRounds "5"]
[EventCountry "CAN"]

1. d4 Nf6 2. c4 e6 3. Nc3 Bb4 4. e3 O-O 5. Nge2 Re8 6. a3 Bf8 7. Ng3 d5 8. Be2
b6 9. O-O Bb7 10. b4 dxc4 11. Bxc4 c5 12. dxc5 bxc5 13. Qxd8 Rxd8 14. b5 Nbd7
15. e4 Bd6 16. f4 Bc7 17. e5 Nd5 18. Nce4 N5b6 19. Be2 f6 20. exf6 gxf6 21. Bb2
f5 22. Ng5 Bd5 23. Bf3 Re8 24. Ne2 h6 25. Nh3 Na4 26. Bc3 Rab8 27. Rfd1 Bxf3
28. gxf3 Nxc3 29. Nxc3 Nf6 30. a4 Red8 31. Kf2 Kf7 32. Ke2 Ba5 33. Rac1 Rg8 34.
Rg1 Rbd8 35. Rg3 Rd4 36. Rxg8 Kxg8 37. Rc2 Kf7 38. Nf2 Rxf4 39. Nd3 Rh4 40.
Ne5+ Ke8 41. Nc6 Rxh2+ 42. Kd1 Rxc2 43. Kxc2 Bb6 44. a5 Bc7 45. b6 axb6 46. a6
Bb8 47. Nxb8 Nd5 1-0

[Event "Scarborough CC Spring into Summer"]
[Site "Toronto CAN"]
[Date "2019.06.13"]
[Round "3.3"]
[White "Xiao, Edward"]
[Black "Xu, Jeffrey"]
[Result "0-1"]
[WhiteElo "1724"]
[BlackElo "2289"]
[PlyCount "52"]
[EventDate "2019.05.30"]
[EventType "swiss"]
[EventRounds "5"]
[EventCountry "CAN"]

1. d4 Nf6 2. c4 c5 3. d5 e5 4. Nc3 d6 5. e4 Be7 6. Bd3 O-O 7. Nge2 Ne8 8. O-O
Bg5 9. f4 exf4 10. Bxf4 Bxf4 11. Nxf4 Nd7 12. Qf3 Ne5 13. Qg3 g6 14. h3 Ng7 15.
Rae1 a6 16. Nd1 b5 17. b3 f5 18. exf5 Bxf5 19. Bxf5 Nxf5 20. Qc3 Nd4 21. Nd3
Rxf1+ 22. Kxf1 Qf6+ 23. Kg1 b4 24. Nxb4 cxb4 25. Qxb4 Nc2 26. Rf1 Nf3+ 0-1

[Event "Scarborough CC Spring into Summer"]
[Site "Toronto CAN"]
[Date "2019.06.13"]
[Round "3.4"]
[White "Mendoza, Armand Jess"]
[Black "Guo, Josh"]
[Result "0-1"]
[WhiteElo "1952"]
[BlackElo "2267"]
[Annotator ",Microsoft"]
[PlyCount "98"]
[EventDate "2019.05.30"]
[EventType "swiss"]
[EventRounds "5"]
[EventCountry "CAN"]

1. d4 Nf6 2. Nc3 d5 3. Bg5 Nbd7 4. e3 c6 5. Qf3 Ne4 6. Nxe4 dxe4 7. Qg3 Qa5+ 8.
c3 Nf6 9. Bxf6 exf6 10. Qf4 f5 11. f3 exf3 12. Nxf3 Be7 13. Bd3 Be6 14. O-O O-O
15. b4 Qa3 16. Bxf5 Bxf5 17. Qxf5 Qxc3 18. Rae1 Rad8 19. Ne5 Rd5 20. b5 Bf6 21.
bxc6 Bxe5 22. dxe5 bxc6 23. e4 Qd4+ 24. Kh1 Rxe5 25. Qf4 c5 26. h3 f6 27. Rf2
Rfe8 28. Rd2 Qb4 29. Rde2 h6 30. Qf3 c4 31. Qf2 Qc5 32. Qf3 Qd4 33. g4 c3 34.
Rc2 Rc8 35. Re3 Rec5 36. Rd3 Qb4 37. Kg2 Qb1 38. Qd1 Qxd1 39. Rxd1 R8c7 40. Kf3
Kf7 41. Ke3 Ke6 42. Rb1 h5 43. Rb8 Kf7 44. Kf2 Ke6 45. Rb1 hxg4 46. Rg1 Rg5 47.
hxg4 Rgc5 48. Kf3 Rc4 49. Ke3 Rd7 {etc. 0-1 in 64 moves.} 0-1

[Event "Scarborough CC Spring into Summer"]
[Site "Toronto CAN"]
[Date "2019.06.13"]
[Round "3.5"]
[White "Ning, Eric"]
[Black "Jacobs, Michael"]
[Result "1-0"]
[WhiteElo "2098"]
[BlackElo "1774"]
[PlyCount "41"]
[EventDate "2019.05.30"]
[EventType "swiss"]
[EventRounds "5"]
[EventCountry "CAN"]

1. d4 d5 2. c4 c6 3. g3 Nf6 4. Bg2 Bf5 5. Nf3 e6 6. Nc3 Bd6 7. Nh4 Bg6 8. Nxg6
hxg6 9. Bg5 Nbd7 10. O-O Qe7 11. cxd5 exd5 12. e4 dxe4 13. Nxe4 O-O-O 14. Re1
Qf8 15. Nxd6+ Qxd6 16. Qa4 Qb8 17. Bxc6 bxc6 18. Qxc6+ Qc7 19. Qa8+ Nb8 20.
Rac1 Rd7 21. Bf4 1-0

[Event "Scarborough CC Spring into Summer"]
[Site "Toronto CAN"]
[Date "2019.06.13"]
[Round "3.6"]
[White "Xie, Austin"]
[Black "Lawless, David"]
[Result "0-1"]
[WhiteElo "1964"]
[BlackElo "2020"]
[PlyCount "108"]
[EventDate "2019.05.30"]
[EventType "swiss"]
[EventRounds "5"]
[EventCountry "CAN"]

1. e4 e5 2. Nf3 Nc6 3. Bc4 Bc5 4. c3 Nf6 5. d3 d6 6. b4 Bb6 7. a4 a6 8. Nbd2
O-O 9. Nf1 h6 10. Ng3 Ne7 11. O-O Ng6 12. Qc2 c6 13. Bb3 Re8 14. d4 Bg4 15.
dxe5 dxe5 16. Ne1 Qd7 17. Kh1 Rad8 18. f3 Be6 19. c4 Bd4 20. Rb1 c5 21. Bd2 b6
22. Rd1 Qc7 23. Nd3 Nd7 24. f4 exf4 25. Nxf4 Nxf4 26. Bxf4 Ne5 27. Ne2 f6 28.
Nxd4 cxd4 29. c5 bxc5 30. bxc5 Kh7 31. Bxe6 Rxe6 32. Bxe5 fxe5 33. Qc4 Rc6 34.
Rf7 Qc8 35. Re7 Rxc5 36. Qf7 Qg4 37. Qf5+ Qxf5 38. exf5 Rd6 39. Kg1 h5 40. Rb1
Rf6 41. Rbb7 Rc1+ 42. Kf2 Rxf5+ 43. Kg3 Rg5+ 44. Kh3 Rc3+ 45. g3 Re3 46. Rb6
Rg6 47. Rxg6 Kxg6 48. Re6+ Kf5 49. Rxa6 Ra3 50. a5 Ra2 51. Ra8 d3 52. a6 g5 53.
g4+ hxg4+ 54. Kg3 Ke4 0-1

[Event "Scarborough CC Spring into Summer"]
[Site "Toronto CAN"]
[Date "2019.06.13"]
[Round "3.7"]
[White "Sharpe, Sam"]
[Black "Gao, Raymond"]
[Result "1-0"]
[WhiteElo "1940"]
[BlackElo "1994"]
[PlyCount "165"]
[EventDate "2019.05.30"]
[EventType "swiss"]
[EventRounds "5"]
[EventCountry "CAN"]

1. e4 c5 2. d4 cxd4 3. c3 dxc3 4. Nxc3 Nc6 5. Nf3 e6 6. Bc4 d6 7. O-O Nf6 8.
Bg5 Be7 9. Qe2 a6 10. Rfd1 Qc7 11. Rac1 O-O 12. Bb3 Qb8 13. a4 Rd8 14. h3 Bd7
15. Bf4 Ne5 16. Nd4 b5 17. axb5 axb5 18. Ncxb5 Bxb5 19. Nxb5 Nxe4 20. Bxe5 Nxf2
21. Kxf2 dxe5 22. Rxd8+ Qxd8 23. Kg1 Rb8 24. Kh1 Bg5 25. Rd1 Qb6 26. Bc4 Qc5
27. b3 Rd8 28. Rxd8+ Bxd8 29. Qf3 g6 30. Qa8 Qb6 31. Qa7 Qc6 32. Qb8 Qd7 33.
Qd6 Qxd6 34. Nxd6 Kf8 35. Kg1 Be7 36. Ne4 Ke8 37. Kf1 Kd7 38. Bb5+ Kc7 39. Ke2
Kd8 40. Kd3 h6 41. Kc4 Ba3 42. b4 f5 43. Nc5 Ke7 44. Bd7 e4 45. Bxe6 Kd6 46.
Bf7 g5 47. g4 Ke5 48. gxf5 e3 49. Bh5 Kxf5 50. Nd3 Ke4 51. Be2 Bxb4 52. Nxb4
Kf4 53. Kd3 Kg3 54. Bh5 Kxh3 55. Kxe3 g4 56. Nd3 Kh4 57. Be8 Kg5 58. Nf4 Kf5
59. Nh5 Kg5 60. Kf2 Kf5 61. Kg3 Kg5 62. Nf4 Kf5 63. Bd7+ Ke5 64. Kxg4 h5+ 65.
Nxh5 Kd6 66. Bf5 Ke5 67. Kg5 Kd4 68. Kf4 Kd5 69. Nf6+ Kd4 70. Be6 Kd3 71. Ke5
Ke3 72. Bf5 Kf3 73. Ne4 Ke3 74. Nc5 Kf3 75. Ne6 Ke3 76. Kd5 Kf3 77. Kd4 Ke2 78.
Kc3 Ke3 79. Kc2 Ke2 80. Bg6 Ke3 81. Kd1 Kf2 82. Kd2 Kg3 83. Ke3 1-0

[Event "Scarborough CC Spring into Summer"]
[Site "Toronto CAN"]
[Date "2019.06.13"]
[Round "3.8"]
[White "Tavana, Joseph"]
[Black "Manalo, Pepin"]
[Result "0-1"]
[WhiteElo "1788"]
[BlackElo "1971"]
[PlyCount "120"]
[EventDate "2019.05.30"]
[EventType "swiss"]
[EventRounds "5"]
[EventCountry "CAN"]

1. Nf3 d5 2. g3 Nf6 3. Bg2 Nbd7 4. d4 b6 5. c4 e6 6. O-O Bb7 7. Nbd2 Bd6 8.
cxd5 exd5 9. b3 h6 10. Bb2 Qe7 11. Nh4 Qe6 12. Qc2 Ne4 13. Nhf3 f5 14. Rac1 Rc8
15. Bh3 O-O 16. Nxe4 dxe4 17. Nd2 b5 18. e3 Qg6 19. Bg2 Nf6 20. Rfe1 Rce8 21.
a4 a6 22. Ra1 Rf7 23. Ba3 b4 24. Bb2 Nh7 25. Nc4 Ng5 26. Nxd6 cxd6 27. Rec1
Nf3+ 28. Bxf3 exf3 29. Qc4 Qg5 30. Qf1 f4 31. Re1 fxe3 32. h3 Qg6 33. Kh2 Qc2
34. Bc1 e2 35. Qg1 Qxb3 36. Bf4 Qe6 37. Be3 Bc8 38. g4 Qg6 39. Qg3 a5 40. Bf4
Bb7 41. Bxd6 Rd7 42. Be5 b3 43. Rab1 Bd5 44. Qf4 Rb7 45. Qd2 Rb4 46. Qc3 Qb6
47. Bc7 Qc6 48. Qxc6 Bxc6 49. Bxa5 Rxa4 50. Bc3 Bd5 51. Kg3 Rc8 52. Bb2 Ra2 53.
Kf4 Rc2 54. Bc1 b2 55. Be3 Ra5 56. Kg3 Kf7 57. Kf4 g5+ 58. Kg3 Ke6 59. h4 Ba2
60. hxg5 hxg5 0-1

[Event "Scarborough CC Spring into Summer"]
[Site "Toronto CAN"]
[Date "2019.06.13"]
[Round "3.9"]
[White "Liu, Harry"]
[Black "Leblanc, Miguel"]
[Result "1-0"]
[WhiteElo "1710"]
[BlackElo "1809"]
[PlyCount "79"]
[EventDate "2019.05.30"]
[EventType "swiss"]
[EventRounds "5"]
[EventCountry "CAN"]

1. e4 c5 2. Nf3 d6 3. d4 cxd4 4. Qxd4 Nc6 5. Bb5 Bd7 6. Bxc6 Bxc6 7. Nc3 Nf6 8.
Bg5 e5 9. Qe3 Be7 10. h3 h6 11. Bxf6 Bxf6 12. O-O O-O 13. Rfd1 Qc7 14. Rac1
Rfd8 15. Nd5 Bxd5 16. Rxd5 Qc4 17. b3 Qa6 18. a4 Rac8 19. c4 b6 20. Rcd1 Be7
21. Ne1 Rc5 22. Nc2 Qc8 23. Qe2 f5 24. exf5 Qxf5 25. Ne3 Qe4 26. f3 Qf4 27. b4
Rxd5 28. Nxd5 Qf7 29. f4 Bf6 30. Qd3 exf4 31. c5 bxc5 32. bxc5 Be5 33. c6 Qe8
34. c7 Rc8 35. Qa6 Qd7 36. Qxc8+ Qxc8 37. Ne7+ Kf7 38. Nxc8 d5 39. Nd6+ Bxd6
40. c8=Q 1-0

[Event "Scarborough CC Spring into Summer"]
[Site "Toronto CAN"]
[Date "2019.06.20"]
[Round "4.1"]
[White "Xu, Jeffrey"]
[Black "Southam, David"]
[Result "1-0"]
[WhiteElo "2269"]
[BlackElo "2183"]
[PlyCount "149"]
[EventDate "2019.05.30"]
[EventType "swiss"]
[EventRounds "5"]
[EventCountry "CAN"]

1. d3 d5 2. Nc3 c6 3. Nf3 Bg4 4. h3 Bxf3 5. gxf3 g6 6. f4 Bg7 7. Bg2 e6 8. e3
Ne7 9. O-O Nd7 10. Ne2 O-O 11. Ng3 a5 12. Rb1 a4 13. Bd2 Qc7 14. Qe2 Nf5 15.
Nxf5 exf5 16. d4 b5 17. Rfc1 Nb6 18. Qd3 Rfe8 19. Bb4 Bf8 20. Bxf8 Rxf8 21. b3
Qd6 22. Qd2 Rfc8 23. Bf1 b4 24. c3 axb3 25. axb3 bxc3 26. Qxc3 Nd7 27. b4 Nf6
28. Bd3 Ne4 29. Qc2 Kg7 30. Kg2 Qd7 31. Rb3 Rab8 32. Ba6 Rc7 33. b5 Qd6 34. b6
Rd7 35. Qxc6 Nd2 36. Rb2 Nc4 37. Qxd6 Rxd6 38. Bxc4 dxc4 39. Rxc4 Rdxb6 40. Ra2
Rb2 41. Ra7 R8b7 42. Rxb7 Rxb7 43. Rc8 Rb1 44. Re8 h5 45. Kf3 Rb2 46. Kg3 Kf6
47. Kg2 Rb1 48. Rc8 Rd1 49. Kf3 Rd2 50. Rc6+ Ke7 51. Kg3 Rd3 52. Kg2 Rd1 53.
Rc2 Kd6 54. f3 Rd3 55. Kf2 Ra3 56. Rb2 h4 57. Rb6+ Ke7 58. Rb7+ Ke6 59. e4 Ra2+
60. Kf1 Ra3 61. d5+ Kd6 62. Kf2 Ra2+ 63. Ke3 Ra3+ 64. Kd4 Ra4+ 65. Kd3 fxe4+
66. fxe4 f5 67. Rb6+ Kd7 68. e5 Rxf4 69. Rxg6 Re4 70. Rg7+ Kd8 71. e6 Ke8 72.
Rf7 Re1 73. Rxf5 Rh1 74. Rf3 Ke7 75. Ke4 1-0

[Event "Scarborough CC Spring into Summer"]
[Site "Toronto CAN"]
[Date "2019.06.20"]
[Round "4.2"]
[White "Guo, Josh"]
[Black "Mao, Fengxi"]
[Result "1-0"]
[WhiteElo "2256"]
[BlackElo "2115"]
[PlyCount "87"]
[EventDate "2019.05.30"]
[EventType "swiss"]
[EventRounds "5"]
[EventCountry "CAN"]

1. e4 e5 2. Nf3 Nc6 3. Bb5 a6 4. Ba4 Nf6 5. O-O Be7 6. Re1 b5 7. Bb3 O-O 8. h3
Bb7 9. d3 d5 10. exd5 Nxd5 11. Nxe5 Nxe5 12. Rxe5 Qd6 13. Re1 c5 14. Nd2 Rae8
15. Ne4 Qc6 16. c3 Nb6 17. Qf3 c4 18. Bc2 f5 19. Ng5 Bxg5 20. Bxg5 Qxf3 21.
gxf3 Bxf3 22. Be7 Rf7 23. Bc5 Rb8 24. Re3 Bd5 25. Rae1 g6 26. Re8+ Rxe8 27.
Rxe8+ Kg7 28. Bxb6 cxd3 29. Bxd3 Bxa2 30. f4 Rd7 31. Bd4+ Kf7 32. Ra8 Rd6 33.
Ra7+ Ke6 34. Rxh7 Kd5 35. Kf2 Bc4 36. Bc2 Re6 37. Be5 Kc6 38. h4 Re8 39. Rg7
Re6 40. h5 gxh5 41. Bxf5 Rh6 42. Be4+ Kb6 43. b4 a5 44. Bd4+ 1-0

[Event "Scarborough CC Spring into Summer"]
[Site "Toronto CAN"]
[Date "2019.06.20"]
[Round "4.3"]
[White "Issani, Nameer"]
[Black "Noor Ali, Aahil"]
[Result "1-0"]
[WhiteElo "2248"]
[BlackElo "2078"]
[PlyCount "107"]
[EventDate "2019.05.30"]
[EventType "swiss"]
[EventRounds "5"]
[EventCountry "CAN"]

1. e4 e5 2. Nf3 Nc6 3. Bb5 a6 4. Ba4 Nf6 5. O-O b5 6. Bb3 d6 7. Ng5 d5 8. exd5
Nd4 9. Re1 Bd6 10. c3 Nxb3 11. axb3 O-O 12. c4 bxc4 13. bxc4 Nxd5 14. d4 Nf4
15. Bxf4 exf4 16. Ne4 Bb4 17. Nbc3 f5 18. Nc5 Bxc5 19. dxc5 Bb7 20. Qxd8 Raxd8
21. c6 Bxc6 22. Rxa6 Rfe8 23. Rxe8+ Rxe8 24. h3 Be4 25. f3 Bd3 26. Rc6 Rb8 27.
Rxc7 Rxb2 28. Nd5 Rb1+ 29. Kh2 Bf1 30. Nxf4 Rb4 31. Nh5 Rxc4 32. Rxg7+ Kh8 33.
Rg5 Bd3 34. Kg3 h6 35. Rg7 f4+ 36. Kh4 Bf5 37. Rf7 Bg6 38. Rxf4 Rxf4+ 39. Nxf4
Bf7 40. g4 Bb3 41. Ng2 Bd5 42. Kg3 Kg7 43. Ne3 Be6 44. f4 Kf6 45. f5 Bf7 46.
Kf4 Bb3 47. h4 Ba2 48. g5+ Kg7 49. Ng4 hxg5+ 50. hxg5 Bb1 51. g6 Bc2 52. Kg5
Bd1 53. f6+ Kg8 54. Nh6+ 1-0